000 00315nam a22001337a 4500
008 171016b xxu||||| |||| 00| 0 eng d
020 _a066990225-X
041 _aeng
080 _a33
100 _a52
101 _aEKO
245 _aTHE FUTURE OF THE INTERNATIONAL ECONOMIC ORDER
_cBERGSTEN,C.F
942 _2udc
_cBK
999 _c34067
_d34067